000 00678cam a2200217 4500
001 D16264
008 090401t1981 xxu||||| |||| 00| 0 eng d
035 _a(Sirsi) u28300
041 _aeng
050 _a692.5023
090 _aRICS 1981/40ABC
110 _aRoyal Institution of Chartered Surveyors
_bQuantity Surveyors' Division
_91263
245 2 _aA study of quantity surveying in planning. Report by Professor D.J.O.Ferry
260 _bRICS
_c1981
300 _a36p. 30cm
350 _a2
520 _aFiled in box RICS 1981/40 ABC; Report dated July 1979; published 1981
710 _aResearch and Development Committee
_91437
942 _n0
948 _c04/03/1997
999 _c89232
_d89232